000 00519cam a2200205 4500
001 B1905
008 090401t1988 xxu||||| |||| 00| 0 eng d
035 _a(Sirsi) u46984
041 _aeng
050 _a333.337
110 _aDebenham Tewson and Chinnocks
_93135
245 _aOffice needs: the occupiers` view
260 _aLondon
_bDebenham Tewson and Chinnocks
_c1988
300 _a32p. ; 30cm.
350 _a15
650 _aOCCUPIERS REQUIREMENTS
650 _aOFFICES
942 _n0
948 _c04/03/1997
999 _c92059
_d92059